000 00577nam a2200193Ia 4500
005 20250508162628.0
008 008 250505s9999 xx 000 0 eng d
020 _a92-3-102152-4
037 _aTextual
040 _aFEDL
_beng
_cFEDL
041 _aeng
_2eng
084 _a370, UNE
_qFEDL
245 0 _aRefections on the future development of education
260 _aParis, France
_bUnited Nations Educational, Scientific and Cultural Organization
_c1985
300 _a291p.
650 _aEducation
942 _cTEXL
_h370, UNE
999 _c1377723
_d1377723